000 01209nam a2200313 a 4500
001 000109404
003 CHAP
005 20220329144049.0
008 140424s2013 mx a sm |||||||spa d
010 _a105866
011 _a106838
040 _cCHAP
090 _aTesis
100 1 _aDíaz Nájera, José Francisco
_9126606
245 1 0 _aEtiología y manejo de hongos causantes de la pudrición de fruto en calabaza pipiana (Cucurbita argyrosperma Huber)
_h[En línea]
_cpor José Francisco Díaz Nájera.
260 _aChapingo, Méx. :
_bEl autor,
_c2013.
500 _aPara ver el contenido del material haga clic en la liga
502 _aTesis (M.C. en Protección Vegetal) -- UACH. Departamento de Parasitología Agrícola
590 _aBATCH-UPD
_b05
_c20141002
_lUCH01
_h0901
590 _aE5652GLJ
_b05
_c20140424
_lUCH01
_h1407
590 _aE5652GLJ
_b05
_c20140424
_lUCH01
_h1407
650 1 4 _aCalabaza
_xEnfermedades por hongos.
_9126608
650 1 4 _aFungicidas
_xAplicación.
_9126604
650 1 4 _aHongos fitopatógenos
_xFisiología y morfología.
_9126607
856 _aFinding aid
_uhttp://10.13.5.2/tesis/sist109404.pdf
_zTeclea aquí
901 _aBK
942 _cTESIS
942 _n0
999 _c105866
_d105866